00330nam a2200109Ia 4500008004100000245010200041260003200143260000900175300001000184500001300194650001300207170224s9999 xx 000 0 und d aOriginal Research: Latino Nurses in the United States: An Overview of Three Decades (1980–2010) bAmerican Journal of Nursing c2016 a116:2 aFebruary xNursing.